000 00685nam a2200217 a 4500
999 _c4530
_d4530
001 4530
003 BD-JhCC
005 20171128172730.0
008 171128s1967 bg a|||| ||a| 000 0 ben d
035 _a(BD-JhCC)4530
040 _aBD-JhCC
_dBD-JhCC
041 _aben
082 _a954.92
_bJAL 1967
100 _aজলিল, এ. এফ. এম. আব্দুল
245 _aসুন্দরবনের ইতিহাস /
_cএ. এফ. এম. আব্দুল জলিল
260 _aখুলনা :
_bমেহদী বিল্লাহ,
_c1967.
300 _a510 p. :
_c21 cm
_billu;
650 _aSundarban
_zBangladesh
942 _2ddc
_cBK